| 000 | 00419nam a2200169Ia 4500 | ||
|---|---|---|---|
| 001 | 14653 | ||
| 005 | 20260306164930.0 | ||
| 008 | 260306t9999||||xx |||||||||||||| ||spa|| | ||
| 041 | _aESP | ||
| 082 |
_a515.43 _bC265 |
||
| 100 |
_aCondor Salcedo, Pedro _eAUT |
||
| 245 | 0 |
_aCálculo integral: _bde: Granville Smith |
|
| 300 |
_a425 páginas : _c20 cm. |
||
| 650 | _aGEN | ||
| 654 | _aCMA | ||
| 942 |
_cLIB _dJUS _fJUS _2ddc _n |
||
| 999 |
_c14653 _d14653 |
||